000 00375nam a22001577a 4500
003 MPLRDC
005 20220104123514.0
008 210129b ||||| |||| 00| 0 eng d
082 _a225 CHFS
100 _a慈航法师
245 _a相宗十讲
_c
260 _a
_b新时代出版社
_c
300 _b
650 _a佛教佈教及信仰生活
942 _cBK
_o225 CHFS
999 _c11965
_d11955